Siria : (Record no. 28161)

MARC details
000 -LEADER
campo de control de longitud fija 01340cam a2200301 i 4500
001 - NÚMERO DE CONTROL
campo de control 125144
005 - FECHA Y HORA DE LA ÚLTIMA TRANSACCIÓN
campo de control 20230410103914.0
008 - DATOS DE LONGITUD FIJA--INFORMACIÓN GENERAL
campo de control de longitud fija 170609s2016 mx 000 0 spa d
020 ## - NÚMERO INTERNACIONAL ESTÁNDAR DEL LIBRO
Número Internacional Estándar del Libro 9786074629149
050 14 - SIGNATURA TOPOGRÁFICA DE LA BIBLIOTECA DEL CONGRESO
Número de clasificación 432 DS 95.6
Número de ítem T234s 2016
082 00 - NÚMERO DE LA CLASIFICACIÓN DECIMAL DEWEY
Número de clasificación 327.569105
100 1# - ENTRADA PRINCIPAL--NOMBRE DE PERSONA
Nombre de persona Tawil Kuri, Marta
245 10 - MENCIÓN DEL TÍTULO
Título Siria :
Resto del título Poder regional, legitimidad y política exterior, 1996-2015 /
Mención de responsabilidad, etc. Marta Tawil Kuri
260 ## - PUBLICACIÓN, DISTRIBUCIÓN, ETC.
Lugar de publicación, distribución, etc. México:
Nombre del editor, distribuidor, etc. El Colegio de México,
Fecha de publicación, distribución, etc. 2016
300 ## - DESCRIPCIÓN FÍSICA
Extensión 378 p. :
Otras características físicas ill.;
Dimensiones 23 cm
520 ## - RESUMEN, ETC.
Sumario, etc. La reflexión sobre la politica exterior de siria ofrece nuevas perspectivas para entender el proceso que llevó a la crisis y a la guerra desde finales de 2011. Este libro describe la interacción de actores estatales y no estatales en tre dimensiones del comportamiento externo de Damasco: la estratégica, la simbólica y la de la economía política.
651 #0 - PUNTO DE ACCESO ADICIONAL DE MATERIA--NOMBRE GEOGRÁFICO
Nombre geográfico Syria
Subdivisión general Foreign relations
Subdivisión cronológica 1971-
651 #0 - PUNTO DE ACCESO ADICIONAL DE MATERIA--NOMBRE GEOGRÁFICO
Nombre geográfico Syria
Subdivisión general Politics and government
Subdivisión cronológica 2000-
650 #0 - PUNTO DE ACCESO ADICIONAL DE MATERIA--TÉRMINO DE MATERIA
Término de materia o nombre geográfico como elemento de entrada Geopolitics
Subdivisión geográfica Syria.
651 #0 - PUNTO DE ACCESO ADICIONAL DE MATERIA--NOMBRE GEOGRÁFICO
Nombre geográfico Syria
Subdivisión general History
Subdivisión cronológica Civil War, 2011-
651 #4 - PUNTO DE ACCESO ADICIONAL DE MATERIA--NOMBRE GEOGRÁFICO
Nombre geográfico Siria
Subdivisión general Relaciones exteriores
Subdivisión cronológica 1971-
651 #4 - PUNTO DE ACCESO ADICIONAL DE MATERIA--NOMBRE GEOGRÁFICO
Nombre geográfico Siria
Subdivisión general Política y gobierno
Subdivisión cronológica 2000-
650 #4 - PUNTO DE ACCESO ADICIONAL DE MATERIA--TÉRMINO DE MATERIA
Término de materia o nombre geográfico como elemento de entrada Geopolítica
Subdivisión geográfica Siria
Subdivisión cronológica Guerra civil, 2011
651 #4 - PUNTO DE ACCESO ADICIONAL DE MATERIA--NOMBRE GEOGRÁFICO
Nombre geográfico Siria
Subdivisión general Historia
Subdivisión cronológica 2000-
650 #4 - PUNTO DE ACCESO ADICIONAL DE MATERIA--TÉRMINO DE MATERIA
Término de materia o nombre geográfico como elemento de entrada Violencia política
Subdivisión geográfica Siria
Subdivisión cronológica Siglo XXI
942 ## - ELEMENTOS DE ENTRADA SECUNDARIOS (KOHA)
Fuente del sistema de clasificación o colocación Clasificación de Library of Congress
Tipo de ítem Koha
946 ## - PROCESAMIENTO DE INFORMACIÓN LOCAL (OCLC)
a dpf
Holdings
Estatus retirado Estado de pérdida Fuente del sistema de clasificación o colocación Estado de daño No para préstamo Colección Biblioteca de origen Biblioteca actual Ubicación en estantería Fecha de adquisición Serial enumeration / chronology Signatura topográfica completa Código de barras Visto por última vez Copia número Tipo de ítem Koha
    Clasificación de Library of Congress     Recursos Regionales Biblioteca Juan Bosch Biblioteca Juan Bosch Recursos Regionales (2do. Piso) 10/04/2023 1 432 DS 95.6 T234s 2016 00000117374 23/10/2018 1